| 000 | 00379nam a2200145Ia 4500 | ||
|---|---|---|---|
| 008 | 240624s9999 xx 000 0 und d | ||
| 041 | _aeng | ||
| 082 | _a519.536 CHA | ||
| 100 | _aCHATTERJEE SAMPRIT | ||
| 245 | _aREGRESSION ANALYSIS BY EXAMPLE | ||
| 250 | _a(5th ed.) | ||
| 260 |
_c2012 _aNew Jersey _bJohn Wiley & Sons |
||
| 300 | _axv, : 393 : p. : cm. ; 26 | ||
| 365 |
_c _b26 |
||
| 999 |
_c23497 _d23497 |
||